Polytopes : combinatorics and computation
Αποθηκεύτηκε σε:
| Άλλοι συγγραφείς: | , |
|---|---|
| Μορφή: | Βιβλίο |
| Γλώσσα: | English |
| Δημοσίευση: |
Basel ; Boston :
Birkhauser Verlag,
c2000.
|
| Σειρά: | DMV Seminar ;
29 |
| Θέματα: | |
| Ετικέτες: |
Προσθήκη ετικέτας
Δεν υπάρχουν, Καταχωρήστε ετικέτα πρώτοι!
|
MARC
| LEADER | 00000cam a2200000 i 4500 | ||
|---|---|---|---|
| 001 | 1/42358 | ||
| 008 | 031013s2000####sz | ||| |||| ||eng|| | ||
| 020 | |a 3764363517 | ||
| 035 | |l 10071156 | ||
| 040 | |a GR-MyUA |b gre |e AACR2 | ||
| 041 | 0 | |a eng | |
| 082 | 0 | |a 516.35 | |
| 245 | 1 | 0 | |a Polytopes : |b combinatorics and computation / |c Gil Kalai, Gunter M. Ziegler, editors. |
| 260 | |a Basel ; |a Boston : |b Birkhauser Verlag, |c c2000. | ||
| 300 | |a 225 σ. : |b εικ. ; |c 24 εκ. | ||
| 490 | 1 | |a (DMV Seminar |v ; 29) | |
| 504 | |a Περιέχει βιβλιογραφικές αναφορές. | ||
| 650 | 0 | 0 | |a Polytopes. |
| 700 | 1 | |a Kalai, Gil, |d 1955- |e edt | |
| 700 | 1 | |a Ziegler, Gunter M. |e edt | |
| 830 | 0 | |a DMV Seminar ; |v 29 | |
| 852 | |a INST |b SAMOS |e 20031013 |h 516.35 POL |p 005300023833 |q 005300023833 |t BK |y 0 | ||
| 901 | |a BIBL3-2003-3 | ||
| 909 | |a Σ |b 106218 | ||
| 922 | |a 3ΕΛΗ |b 200306 |c ΕΠΕΑΕΚ2/ΤΜΗΜΑ ΜΑΘΗΜΑΤΙΚΩΝ |d ΜΙΧΑΛΟΠΟΥΛΟΣ | ||
| 950 | |a 116-2003-06-13 | ||
| 970 | |a ΚΟΣΙΕΡΗΣ |b ΧΡΗΣΤΟΣ |z 2003/10/15 | ||